[Event "ROM-ch U08"]
[Site "Calimanesti"]
[Date "2018.04.01"]
[Round "7"]
[White "Diaconu, Alexandru Andrei"]
[Black "Perju, Tudor Alexandru"]
[Result "1-0"]
[WhiteElo "1001"]
[BlackElo "1001"]
[PlyCount "101"]
[EventDate "2018.03.27"]
[EventType "swiss"]
[EventRounds "9"]
[EventCountry "ROU"]
[SourceTitle "CBM 183 Extra"]
[Source "ChessBase"]
[SourceDate "2018.04.19"]
[SourceVersion "1"]
[SourceVersionDate "2018.04.19"]
[SourceQuality "1"]

1. e4 e5 2. Nf3 Nc6 3. Bc4 Be7 4. d3 Nf6 5. Bg5 h6 6. Bh4 0-0 7. Nc3 d6 8. h3 b6 9. 0-0 Bb7 10. Bd5 Qd7 11. Bxc6 Bxc6 12. Qd2 Rad8 13. Rad1 d5 14. Nxe5 Qd6 15. Nxc6 Qxc6 16. exd5 Qd6 17. Bxf6 Bxf6 18. Ne4 Qe5 19. Nxf6+ Qxf6 20. c4 Rfe8 21. Rfe1 c5 22. Rxe8+ Rxe8 23. Qc3 Kf8 24. Qxf6 gxf6 25. d4 cxd4 26. Rxd4 Ke7 27. b4 Kd6 28. a4 Ke5 29. Rh4 Rc8 30. f4+ Kd4 31. f5+ Ke5 32. a5 bxa5 33. bxa5 Kxf5 34. g4+ Ke4 35. g5+ Kd3 36. gxh6 Rh8 37. h7 Ke3 38. Kg2 f5 39. Kg3 f6 40. c5 Rf8 41. Rf4 a6 42. Rxf5 Rh8 43. Rxf6 Rxh7 44. Rxa6 Kd4 45. c6 Rc7 46. d6 Rc8 47. Ra7 Rxc6 48. d7 Rd6 49. h4 Kc5 50. a6 Kc6 51. h5 1-0

[Event "ROM-ch U08"]
[Site "Calimanesti"]
[Date "2018.03.30"]
[Round "5"]
[White "Bratasanu, Vlad1111"]
[Black "Perju, Tudor Alexandru"]
[Result "1-0"]
[WhiteElo "1039"]
[BlackElo "1001"]
[PlyCount "39"]
[EventDate "2018.03.27"]
[EventType "swiss"]
[EventRounds "9"]
[EventCountry "ROU"]
[SourceTitle "CBM 183 Extra"]
[Source "ChessBase"]
[SourceDate "2018.04.19"]
[SourceVersion "1"]
[SourceVersionDate "2018.04.19"]
[SourceQuality "1"]

1. e4 e5 2. Nf3 Nc6 3. Bc4 Nf6 4. d4 d5 5. exd5 Nxd5 6. 0-0 e4 7. Re1 Be7 8. Rxe4 0-0 9. Nc3 Nxc3 10. bxc3 Bf5 11. Rf4 g6 12. Bd3 g5 13. Rxf5 g4 14. Ne5 Nxe5 15. Rxe5 Bd6 16. Qd2 Bxe5 17. Qh6 Re8 18. Bg5 f6 19. Qxh7+ Kf8 20. Bh6# 1-0